1385 1766 1643 1878 1657 1076 1528 1434 1980 1496 1470 1566 1361 1230 1741 1911 1866 1217 1057 1027 1330 1091 1149 1131 1848 1860 1420 1851 1045 1088 1173 1912 1676 1547 1224 1447 1679 1412 1064 1958 1170 1229 1242 1371 1160 1073 1458 1372 1113 1867 1493 1892 1853 2000 1846 1829 1774 1606 1138 1303 1436 1632 1362 1028 1924 1814 1209 1588 1007 1979 1545 1870 1866 1334 1452 1301 1013 1784 1939 1851 1708 1278 1368 1980 1454 1229 1767 1318 1574 1635 1289 1915 1871 1678 1511 1670 1193 1136 1814 BCNSPRNW ULIB Ver.6.0+V

เปลี่ยนเป็นภาษาไทย

Change to English
 แสดงรายละเอียดบรรณานุกรม
  กลับหน้าหลัก

Brief Record : Get Marc (ISO 2709) : E-mail record : QR code < ปิดหน้าต่าง
LEADER : 00000nam 2200000uu 4500
001    13399120861
003     ULIB
008    121019s2551||||th 000 0 tha d
020    ^a9789742242336
090    ^aนว.^bญ115ส
100    ^aญดา
245    ^aสัญญา....หัวใจ /^cญดา
260    ^aกรุงเทพฯ :^bธุรดา,^c2551
300    ^a270 หน้า
945    ^p189^l0^i15316
999    ^aทศพร เกษรทอง
รายการนี้ยังไม่มีแท็ก
คุณยังไม่ได้ล็อกอิน คุณสามารถมีกิจกรรมร่วมกับเว็บไซต์ได้ แต่ต้องล็อกอินก่อน ::
  ล็อกอิน

รายการสื่อสารสนเทศ

ลำดับที่ ประเภท เลขเรียก/บาร์โค้ด สถานที่ สถานะ
1. นวนิยาย
นวนิยาย
นว. ญ115ส  
  Barcode: 15316
ห้องสมุดวิทยาเขตสวรรค์ประชารักษ์
►นวนิยาย
บนชั้น
  ขอยืม

รายการใกล้เคียง
    ผู้แต่ง [ญดา]

BibComment


ยังไม่เคยถูกคอมเมนท์

คอมเมนท์ทรัพยากรรายการนี้
  คอมเมนท์: สัญญาหัวใจ ญดา


 Copyright 2026. Bcnsprnw @Library